П.А. Румянцев. 1725-1796 (Запись № 7830639)

Подробности
000 -МАРКЕР
контрольное поле 01716nam1a22003251 4500
001 - ИДЕНТИФИКАТОР ЗАПИСИ
контрольное поле rc\4146727
005 - ИДЕНТИФИКАТОР ВЕРСИИ
контрольное поле 20130415182655.1
035 ## - ДРУГИЕ СИСТЕМНЫЕ НОМЕРА
Идентификатор записи (NLR Aleph) 008167046
100 ## - ДАННЫЕ ОБЩЕЙ ОБРАБОТКИ
Данные общей обработки 20130415d1953 |||y0rusy50 ca
101 0# - ЯЗЫК РЕСУРСА
Язык текста, звукозаписи и т.д. русский
102 ## - СТРАНА ПУБЛИКАЦИИ ИЛИ ПРОИЗВОДСТВА
Страна публикации Российская Федерация
105 ## - ПОЛЕ КОДИРОВАННЫХ ДАННЫХ: ТЕКСТОВЫЕ МАТЕРИАЛЫ, МОНОГРАФИЧЕСКИЕ
Кодированные данные о монографическом текстовом документе z |||||
200 1# - ЗАГЛАВИЕ И СВЕДЕНИЯ ОБ ОТВЕТСТВЕННОСТИ
Основное заглавие П.А. Румянцев. 1725-1796
Первые сведения об ответственности Под ред. [и с введ.] полк. П.К. Фортунатова. Т. 1-
210 ## - ПУБЛИКАЦИЯ, РАСПРОСТРАНЕНИЕ И ДР.
Место издания, распространения и т.д. Москва
Имя издателя, распространителя и т. д. Воен. изд-во
Дата издания, распространения и т.д. 1953
215 ## - ФИЗИЧЕСКАЯ ХАРАКТЕРИСТИКА
Размеры 23
225 1# - СЕРИЯ
Основное заглавие серии Главное архивное управление. Центральный государственный военно-исторический архив СССР. Институт истории Академии наук СССР. Материалы по истории русской армии
Наименование части Русские полководцы
Сведения, относящиеся к заглавию Сборники документов
Сведения об ответственности Под общ. ред. ген.-майора В.Д. Стырова, гвардии ген.-лейт. А.В. Сухомлина
300 ## - ОБЩИЕ ПРИМЕЧАНИЯ
Текст примечания На XXIV с. сост.: Е.П. Воронин
311 ## - ПРИМЕЧАНИЯ, ОТНОСЯЩИЕСЯ К ПОЛЯМ СВЯЗИ (ПРИМЕЧАНИЯ О СВЯЗИ С ДРУГИМИ ПРОИЗВЕДЕНИЯМИ (ИЗДАНИЯМИ))
Текст примечания Прил.: Схемы
421 #0 - ПРИЛОЖЕНИЕ
Встроенное поле 1010#$arus
-- 2001#$aСхемы
-- 215##$a9 с.
606 ## - НАИМЕНОВАНИЕ ТЕМЫ КАК ПРЕДМЕТ
Наименование темы Русско-турецкая война 1768-1774 гг.
Формальный подзаголовок Документы и материалы
Код системы psbo
606 ## - НАИМЕНОВАНИЕ ТЕМЫ КАК ПРЕДМЕТ
Наименование темы Полководцы русские
Хронологический подзаголовок 18 в.
Формальный подзаголовок Документы и материалы
Код системы psbo
702 #1 - ИМЯ ЛИЦА - ВТОРИЧНАЯ ОТВЕТСТВЕННОСТЬ
Начальный элемент ввода Фортунатов
Часть имени, кроме начального элемента ввода П. К.
Код отношения Редактор
-- Автор введения, предисловия, примечания и т.п.
702 #1 - ИМЯ ЛИЦА - ВТОРИЧНАЯ ОТВЕТСТВЕННОСТЬ
Начальный элемент ввода Румянцев
Часть имени, кроме начального элемента ввода П. А.
Расширение инициалов личного имени Петр Александрович
Код отношения Прочие
702 #1 - ИМЯ ЛИЦА - ВТОРИЧНАЯ ОТВЕТСТВЕННОСТЬ
Начальный элемент ввода Воронин
Часть имени, кроме начального элемента ввода Е. П.
Код отношения Составитель
801 #0 - ИСТОЧНИК ЗАПИСИ
Страна Российская Федерация
Организация NLR
Правила каталогизации psbo
801 #1 - ИСТОЧНИК ЗАПИСИ
Страна Российская Федерация
Организация ELAR
Источник данных rusmarc
852 ## - МЕСТОНАХОЖДЕНИЕ И ШИФР ХРАНЕНИЯ
Идентификатор организации NLR
Шифр хранения (Call Number) В10 Г-5/80
942 ## - ДОПОЛНИТЕЛЬНЫЕ ЭЛЕМЕНТЫ ЗАПИСИ (АБИС)
Тип экземпляра АБИС Книга
980 ## - КОЛЛЕКЦИЯ
Название коллекции Национальная библиография

Нет доступных экземпляров.